| 000 | 00890nam a2200265 4500 | ||
|---|---|---|---|
| 003 | OSt | ||
| 005 | 20240614082901.0 | ||
| 006 | a | ||
| 008 | 240614b |||||||| |||| 00| 0 eng d | ||
| 020 | _a9781425804725 | ||
| 040 |
_aDWCL-Main lib. _cOC |
||
| 082 | _aCirc. 422.48 G793k 2008 | ||
| 100 | _aRasinski, Timothy V. | ||
| 245 | _aGreek & Latin roots : keys to building vocabulary / | ||
| 260 |
_aUSA : _bShell Education, _cc2008. |
||
| 300 |
_b208 p. ; _c23 cm. |
||
| 504 | _aIncludes bibliographical references & index. | ||
| 650 | _a1. English language–Foreign elements–Greek. | ||
| 650 | _a2. English language–Foreign elements–Latin. | ||
| 650 | _a3. Greek language–Influence on English. | ||
| 650 | _a4. Latin language–Influence on English. | ||
| 650 | _a5. English language–Roots. | ||
| 700 | _aTimothy V Rasinski | ||
| 942 |
_2ddc _n0 _cBK-CIRC _kCirc. |
||
| 999 |
_c733 _d733 |
||